العبر في كشف أسرار القرن الثالث عشر
محفوظ في:
المؤلف الرئيسي:
التنسيق: كتاب
اللغة: Undetermined
منشور في:
Al-Qāhirah
matbaeat alnahj alqawimi
1898
الوسوم: إضافة وسم
لا توجد وسوم, كن أول من يضع وسما على هذه التسجيلة!
رقم الطلب: (R)N33 NAJA
| LEADER | 00528nam a2200169Ia 4500 | ||
|---|---|---|---|
| 005 | 20240404101120.0 | ||
| 008 | 240404s9999||||xx |||||||||||||| ||und|| | ||
| 999 | |c 58191 |d 58191 | ||
| 050 | 4 | |a (R)N33 NAJA | |
| 100 | 1 | |a محمد نجاتي. | |
| 245 | 1 | 0 | |a العبر في كشف أسرار القرن الثالث عشر |c محمد نجاتي |
| 264 | 1 | |a Al-Qāhirah |b matbaeat alnahj alqawimi |c 1898 | |
| 300 | |a 73 |c 25 | ||
| 336 | |2 rdacontent |a text |b txt | ||
| 337 | |2 rdamedia |a unmediated |b n | ||
| 338 | |2 rdacarrier |a volume |b n | ||
| 942 | |2 lcc |c BK | ||
